000 00353nam a2200157Ia 4500
008 210716s2009 xx 000 0 und d
020 _a9780470432396
041 _aeng
082 _a658.4092 BENW
100 _aBennies, Warren.
245 _aEssential bennis.
250 _a1
260 _aJossey Bass
_c2009
300 _axi,465
650 _aNone
999 _c206381
_d206381